Las variaciones de la identidad : ensayo sobre el tipo en arquitectura /

La idea de la cual parte el autor de esta obra para proponer una teoría del proyecto arquitectónico, es del tipo arquitectónico concebido como una estructura formal susceptible de múltiples desarrollos. Tras el abordaje filosófico del asunto, da cuenta de la evolución de los tipos y analiza bajo esa...

Celý popis

Uloženo v:
Podrobná bibliografie
Hlavní autor: Martí Arís, Carlos (autor)
Další autoři: Grassi, Giorgio (prefacio) (prefacio)
Médium: Kniha
Jazyk:španělština
Vydáno: Barcelona, España : Colegio de Arquitectos de Cataluña : Serbal, 1993, c1993
Edice:(Arquitectura/Teoría ; 1)
Témata:
Tagy: Přidat tag
Žádné tagy, Buďte první, kdo vytvoří štítek k tomuto záznamu!

MARC

LEADER 00000nam^a2200000^a^4500
001 000129766
005 20250521000000.0
009 20260310094923.961
020 |a 84-7628-102-1 
037 |a Acervo ITESO - Biblioteca 
041 |a ESP 
082 |a 720. 1  |b MAR 
100 |a Martí Arís, Carlos  |e (autor) 
245 1 4 |a Las variaciones de la identidad :  |b ensayo sobre el tipo en arquitectura /  |c C. Martí Arís ; pref. de G. Grassi. 
264 4 |a Barcelona, España :  |b Colegio de Arquitectos de Cataluña :  |b Serbal,  |c 1993, c1993 
300 |a 192 p. 
336 |a texto  |b txt  |2 rdacontenido 
337 |a sin mediación  |b n  |2 rdamedio 
338 |a volumen  |b nc  |2 rdasoporte 
440 1 |a (Arquitectura/Teoría ;  |v 1) 
520 |a La idea de la cual parte el autor de esta obra para proponer una teoría del proyecto arquitectónico, es del tipo arquitectónico concebido como una estructura formal susceptible de múltiples desarrollos. Tras el abordaje filosófico del asunto, da cuenta de la evolución de los tipos y analiza bajo esa clave manifestaciones concretas de la arquitectura moderna. 
649 |a XX 
650 |a Proyecto Arquitectónico -  |x Teoría 
650 |a Proyecto Arquitectónico -  |x Filosofía 
650 |a Semiótica y Arquitectura 
650 |a Arquitectura Moderna 
650 |a Arquitectura -  |x Teoría 
650 |a Arquitectura -  |x Filosofía 
700 |a Grassi, Giorgio  |e (prefacio) 
910 |a Fondo General 
920 |a Impresos - Libros 
930 |a Colección General 
905 |a 101 
901 |a 0500059855  |b IT1  |c ACC  |u 20250521 
902 |a https://opac.biblio.iteso.mx/vufind/Record/000129766